Integración centroamericana y absorción de mano de obra: Guatemala

Saved in:
Bibliographic Details
Main Author: Noyola, Gustavo Adolfo
Format: Text
Published: San Pedro de M. de O.: UCR. IIS
Tags: Add Tag
No Tags, Be the first to tag this record!

MARC

LEADER 00000 a a2200000 04500
001 16834
003
040
090 |a EXTRAVIADO  
100 |a Noyola, Gustavo Adolfo  
245 |a Integración centroamericana y absorción de mano de obra: Guatemala  
260 |a San Pedro de M. de O.:   |b UCR. IIS  
300 |a 109 p.  
999 |c 11767  |d 11767